| 000 | 00398 a2200157 4500 | ||
|---|---|---|---|
| 999 |
_c29222 _d29222 |
||
| 003 | NUST | ||
| 005 | 20180118150250.0 | ||
| 008 | 180118b xxu||||| |||| 00| 0 eng d | ||
| 020 | _a1402041896 | ||
| 020 | _a9781402041891 | ||
| 082 | 0 | 4 | _a530.12 |
| 100 | 1 |
_aManoukian, E.B. _98725 |
|
| 245 | 1 | 0 |
_aQuantum theory : _ba wide spectrum / _cE.B. Manoukian. |
| 250 | _a1st ed. | ||
| 260 |
_a[S.l.] : _bSpringer, _c2006. |
||
| 300 |
_a1030 p. ; _c25 cm. |
||
| 942 |
_aSNS _cBK _k530.12 MAN _2ddc |
||